00449nam a2200157Ia 450000500170000000800410001702000180005803700130007604000200008904100130010908400200012210000180014224500740016026000470023430000100028120250326144838.0250326s9999 xx 000 0 und d a81-7240-089-6 aTextbook aFMSLbengcFMSL aeng2eng aX:74y7 N6qFMSL aKumar Krishna 0aCases in strategic management : managerial experiencescKumar Krishna aDelhibDelhi, Global Bussiness Pressc1996 ax,417